h1

h2

h3

h4

h5
h6
000464456 001__ 464456
000464456 005__ 20240712112426.0
000464456 0247_ $$2ISSN$$a2198-9168
000464456 037__ $$aRWTH-2015-01294
000464456 041__ $$aGerman
000464456 1001_ $$0P:(DE-82)014313$$aLülsdorf, Tanja$$b0$$eCorresponding author$$urwth
000464456 245__ $$aEuroparechtliche Prägung der Ausstellung und Verwendung von Energieausweisen nach der EnEV 2014$$honline, print
000464456 260__ $$aAachen$$bAachener Anwaltverein$$c2015
000464456 3367_ $$00$$2EndNote$$aJournal Article
000464456 3367_ $$0PUB:(DE-HGF)16$$2PUB:(DE-HGF)$$aJournal Article$$bjournal$$mjournal
000464456 3367_ $$2BibTeX$$aARTICLE
000464456 3367_ $$2DRIVER$$aarticle
000464456 3367_ $$2DataCite$$aOutput Types/Journal article
000464456 3367_ $$2ORCID$$aJOURNAL_ARTICLE
000464456 591__ $$aGermany
000464456 773__ $$0PERI:(DE-600)2766478-8$$n1$$p12-13$$tMitteilungen des AAV$$v17$$x2198-9168$$y2015
000464456 8564_ $$uhttp://www.aachener-anwaltverein.de/data/media/downloads/AAV-17-Web-150220-72dpi-1-54f6b3bf04300.pdf$$yinactive 2020-04-09
000464456 909CO $$ooai:publications.rwth-aachen.de:464456$$pVDB
000464456 9141_ $$y2015
000464456 9201_ $$0I:(DE-82)511220_20140620$$k511220$$lLehr- und Forschungsgebiet Berg-, Umwelt- und Europarecht$$x0
000464456 9201_ $$0I:(DE-82)510000_20140620$$k510000$$lFachgruppe für Rohstoffe und Entsorgungstechnik$$x1
000464456 961__ $$z2021-06-07
000464456 980__ $$aI:(DE-82)510000_20140620
000464456 980__ $$aI:(DE-82)511220_20140620
000464456 980__ $$aUNRESTRICTED
000464456 980__ $$aVDB
000464456 980__ $$ajournal